| 000 | 00485nam a22001577a 4500 | ||
|---|---|---|---|
| 003 | OSt | ||
| 005 | 20250620031040.0 | ||
| 008 | 250620b |||||||| |||| 00| 0 eng d | ||
| 040 |
_aDWCL - Main lib _cOC |
||
| 100 | _aCamilar- Serrano, Angelita Ong | ||
| 245 |
_a Global and international trade/ _cAngelita Ong Camilar-Serrano |
||
| 300 |
_axii, 179 pages; _c25cm. |
||
| 504 | _aIncludes bibliographical references. | ||
| 650 | _aInternational trade. | ||
| 942 |
_2ddc _cBK - FIL _kFil. _n0 |
||
| 999 |
_c3196 _d3196 |
||